<?xml version="1.0" encoding="UTF-8"?>
<record
    xmlns:xsi="http://www.w3.org/2001/XMLSchema-instance"
    xsi:schemaLocation="http://www.loc.gov/MARC21/slim http://www.loc.gov/standards/marcxml/schema/MARC21slim.xsd"
    xmlns="http://www.loc.gov/MARC21/slim">

  <leader>00823nac a22001931u 4500</leader>
  <controlfield tag="008">100810t1965    ua|||||r|||| 001 0dara d</controlfield>
  <datafield tag="082" ind1=" " ind2=" ">
    <subfield code="a">189</subfield>
    <subfield code="b">&#x628; &#x644; &#x627;</subfield>
  </datafield>
  <datafield tag="100" ind1=" " ind2=" ">
    <subfield code="a">&#x628;&#x644;&#x627;&#x62B;&#x64A;&#x648;&#x633; &#x60C; &#x623;&#x633;&#x64A;&#x646;</subfield>
    <subfield code="9">17365</subfield>
  </datafield>
  <datafield tag="245" ind1=" " ind2=" ">
    <subfield code="a">&#x627;&#x628;&#x646; &#x639;&#x631;&#x628;&#x64A; :</subfield>
    <subfield code="b">&#x62D;&#x64A;&#x627;&#x62A;&#x647; &#x648;&#x645;&#x630;&#x647;&#x628;&#x647; /</subfield>
    <subfield code="c">&#x623;&#x633;&#x64A;&#x646; &#x628;&#x644;&#x627;&#x62B;&#x64A;&#x648;&#x633; &#x61B; &#x62A;&#x631;&#x62C;&#x645;&#x647; &#x639;&#x646; &#x627;&#x644;&#x623;&#x633;&#x628;&#x627;&#x646;&#x64A;&#x629; &#x639;&#x628;&#x62F; &#x627;&#x644;&#x631;&#x62D;&#x645;&#x646; &#x628;&#x62F;&#x648;&#x64A;</subfield>
  </datafield>
  <datafield tag="260" ind1=" " ind2=" ">
    <subfield code="a">&#x627;&#x644;&#x642;&#x627;&#x647;&#x631;&#x629;:</subfield>
    <subfield code="b"> &#x645;&#x643;&#x62A;&#x628;&#x629; &#x627;&#x644;&#x623;&#x646;&#x62C;&#x644;&#x648; &#x627;&#x644;&#x645;&#x635;&#x631;&#x64A;&#x629; &#x60C; </subfield>
    <subfield code="c">1965</subfield>
  </datafield>
  <datafield tag="270" ind1=" " ind2=" ">
    <subfield code="a">165 &#x634;&#x627;&#x631;&#x639; &#x645;&#x62D;&#x645;&#x62F; &#x641;&#x631;&#x64A;&#x62F; </subfield>
  </datafield>
  <datafield tag="300" ind1=" " ind2=" ">
    <subfield code="a">277 &#x635; &#x61B; </subfield>
    <subfield code="c">24 &#x633;&#x645;.</subfield>
  </datafield>
  <datafield tag="490" ind1=" " ind2=" ">
    <subfield code="9">16636</subfield>
    <subfield code="a"> &#x61B;&#x62F;&#x631;&#x627;&#x633;&#x627;&#x62A; &#x625;&#x633;&#x644;&#x627;&#x645;&#x64A;&#x629;</subfield>
    <subfield code="n">36</subfield>
  </datafield>
  <datafield tag="511" ind1=" " ind2=" ">
    <subfield code="a">Catalogued by: Sara</subfield>
  </datafield>
  <datafield tag="541" ind1=" " ind2=" ">
    <subfield code="a">&#x623;&#x644;&#x641; &#x628;&#x627;&#x621; &#x61B;</subfield>
    <subfield code="c">&#x634;&#x631;&#x627;&#x621; &#x61B;</subfield>
  </datafield>
  <datafield tag="600" ind1=" " ind2=" ">
    <subfield code="9">15018</subfield>
    <subfield code="a">&#x627;&#x628;&#x646; &#x639;&#x631;&#x628;&#x64A; &#x60C;</subfield>
    <subfield code="q">&#x623;&#x628;&#x648; &#x628;&#x643;&#x631; &#x645;&#x62D;&#x645;&#x62F; &#x628;&#x646; &#x639;&#x644;&#x64A;</subfield>
  </datafield>
  <datafield tag="650" ind1=" " ind2=" ">
    <subfield code="a">&#x627;&#x644;&#x62A;&#x635;&#x648;&#x641; &#x627;&#x644;&#x625;&#x633;&#x644;&#x627;&#x645;&#x64A;</subfield>
    <subfield code="9">16733</subfield>
  </datafield>
  <datafield tag="942" ind1=" " ind2=" ">
    <subfield code="c">BB</subfield>
    <subfield code="k">189 &#x628; &#x644; &#x627;</subfield>
    <subfield code="2">ddc</subfield>
  </datafield>
  <datafield tag="999" ind1=" " ind2=" ">
    <subfield code="c">6007</subfield>
    <subfield code="d">6007</subfield>
  </datafield>
  <datafield tag="952" ind1=" " ind2=" ">
    <subfield code="0">0</subfield>
    <subfield code="1">0</subfield>
    <subfield code="2">ddc</subfield>
    <subfield code="4">0</subfield>
    <subfield code="7">0</subfield>
    <subfield code="8">Alef-Baa</subfield>
    <subfield code="a">MAIN</subfield>
    <subfield code="b">MAIN</subfield>
    <subfield code="c">LOW</subfield>
    <subfield code="d">2010-08-10</subfield>
    <subfield code="e">purchase</subfield>
    <subfield code="o">189 &#x628;  &#x644; &#x627;</subfield>
    <subfield code="p">000007577</subfield>
    <subfield code="r">2025-07-15 00:00:00</subfield>
    <subfield code="s">2017-11-20</subfield>
    <subfield code="y">BB</subfield>
  </datafield>
</record>
